| 000 | 00000nam##2200000za#4500 |
| 001 | 9.675287 |
| 003 | CaOODSP |
| 005 | 20210624225204 |
| 007 | cr ||||||||||| |
| 008 | 150407|2006||||xxc|||||o f|0| 0 eng|d |
| 040 | |aCaOODSP|beng |
| 041 | |aeng |
| 041 | |afre |
| 043 | |an-cn--- |
| 086 | 1 |aNH15-468/2006-PDF |
| 110 | 1 |aCanada.|bCanada Mortgage and Housing Corporation. |bCanadian Housing Information Centre. |
| 245 | 10|aMoisture problems in buildings : |h[electronic resource]|ba selective bibliography |
| 260 | |aOttawa - Ontario : |bCanada Mortgage and Housing Corporation. |cApril 2006. |
| 300 | |a84p. |
| 546 | |a(Bilingual) |
| 590 | |a11-27-Supp|b2011-11-15 |
| 690 | 07|aBuildings|2gcpds |
| 690 | 07|aConstruction|2gcpds |
| 690 | 07|aFloods|2gcpds |
| 792 | |tHumidité dans les constructions : |efre|w(CaOODSP)9.675288 |
| 856 | 40|ahttp://publications.gc.ca|qPDF|s303 KB|uhttps://publications.gc.ca/collections/collection_2011/schl-cmhc/NH15-468-2006.pdf |